La reforma agraria (Record no. 40536)

MARC details
000 -LEADER
campo de control de longitud fija 00595nam a2200181 i 4500
001 - NÚMERO DE CONTROL
campo de control 40536
003 - IDENTIFICADOR DE NÚMERO DE CONTROL
campo de control ES-MaACL
007 - CAMPO FIJO DE DESCRIPCIÓN FÍSICA--INFORMACIÓN GENERAL
campo de control de longitud fija t|
008 - DATOS DE LONGITUD FIJA--INFORMACIÓN GENERAL
campo de control de longitud fija 030306s1931 sp ||||1| spa d
100 1# - ENTRADA PRINCIPAL--NOMBRE DE PERSONA
Nombre de persona Carrión, Pascual,
Fechas asociadas al nombre 1891-1976
9 (RLIN) 35807
245 13 - MENCIÓN DEL TÍTULO
Título La reforma agraria
Resto del título : problemas fundamentales /
Mención de responsabilidad, etc. por Pascual Carrión.
260 ## - PUBLICACIÓN, DISTRIBUCIÓN, ETC.
Lugar de publicación, distribución, etc. Madrid :
Nombre del editor, distribuidor, etc. [Pueyo,
Fecha de publicación, distribución, etc. 1931] (
Fabricante Tall. Voluntad)
300 ## - DESCRIPCIÓN FÍSICA
Extensión 138 p. ;
Dimensiones 19 cm.
490 1# - MENCIÓN DE SERIE
Mención de serie Estudios políticos, sociales y económicos
830 0# - PUNTO DE ACCESO ADICIONAL DE SERIE-TÍTULO UNIFORME
Título uniforme Estudios políticos, sociales y económicos
9 (RLIN) 186367
852 ## - LOCALIZACIÓN
Ubicación ES-MaACL
Número de control de estantería C-7377
Holdings
Estatus retirado Estado de pérdida Estado de daño No para préstamo Biblioteca de origen Biblioteca actual Ubicación en estantería Fecha de adquisición Fuente de adquisición Total de préstamos Signatura topográfica completa Código de barras Visto por última vez Precio de reemplazo Tipo de ítem Koha
        Biblioteca del Ateneo de Madrid Biblioteca del Ateneo de Madrid Sala Palomar 17/01/2008     C-7377 1042676 23/02/2023 23/02/2023 Libro impreso